El Imperativo moral del imperialismo: el proyecto para el nuevo siglo americano /

Đã lưu trong:
Chi tiết về thư mục
Tác giả chính: May, Roy H.
Định dạng: Texto
Những chủ đề:
Các nhãn: Thêm thẻ
Không có thẻ, Là người đầu tiên thẻ bản ghi này!

MARC

LEADER 00000 a a2200000 04500
001 11799
003
040
100 |a May, Roy H.  
245 |a El Imperativo moral del imperialismo:   |b el proyecto para el nuevo siglo americano /  |c Roy H. May 
650 |a IMPERIALISMO  
650 |a MILITARISMO  
773 |g número 112; páginas 23-29  
999 |c 22384  |d 22384 
773 0 |0 41641  |9 2443  |a Departamento Ecuménico de Investigaciones (DEI)  |d San José, Costa Rica Departamento Ecuménico de Investigaciones (DEI)  |o 20200  |t Pasos /